[Event "Junior Online 4NCL Division 5"]
[Site "online"]
[Date "2021.03.04"]
[EventDate "2021.03.04"]
[Round "4.244"]
[White "Choung, Ava Grace"]
[WhiteElo "950"]
[WhiteTeam "Young Dragons C"]
[Black "Ambrose, Ferran"]
[BlackElo "925"]
[BlackTeam "Surrey Kings 5"]
[Result "0-1"]
[PlyCount "88"]

1. e4 Nf6 2. Nf3 Nxe4 3. Nc3 Nf6 4. Bc4 d5 5. Bb5+ c6 6. Ba4 Bg4 7. d4 Bxf3 8. gxf3 Qd6 9. Ne2 Qb4+ 10. Nc3 Nfd7 11. Bf4 Nb6 12. a3 Qxb2 13. Ne2 Nxa4 14. Bc1 Qb6 15. Bf4 Qa5+ 16. Kf1 Nc3 17. Nxc3 Qxc3 18. Ra2 Qc4+ 19. Kg1 Qxa2 20. Qc1 e6 21. Kf1 Bxa3 22. Qd1 Qc4+ 23. Kg1 Bb4 24. Qc1 Qxd4 25. Qf1 Qxf4 26. Qh3 Qc1+ 27. Kg2 Qxc2 28. Kg3 Bd6+ 29. Kg2 Bc5 30. Kg3 Qxf2+ 31. Kg4 f5+ 32. Kg5 h6+ 33. Kh5 Nd7 34. Rf1 Qe3 35. Rg1 Qxg1 36. Qh4 g5 37. Qh3 Be7 38. f4 g4 39. Qc3 Qxh2+ 40. Kg6 Rg8+ 41. Kh7 Kf8 42. Qc1 Qh5 43. Qd1 Qf7+ 44. Kxh6 Qg6# 0-1

[Event "Junior Online 4NCL Division 5"]
[Site "online"]
[Date "2021.03.04"]
[EventDate "2021.03.04"]
[Round "4.245"]
[White "Rajdev, Vamika"]
[WhiteElo "1150"]
[WhiteTeam "Young Dragons C"]
[Black "Mallia, Luca"]
[BlackElo "922"]
[BlackTeam "Surrey Kings 5"]
[Result "0-1"]
[PlyCount "60"]

1. d4 d5 2. c4 Nf6 3. Nc3 dxc4 4. d5 e6 5. e4 Bc5 6. Be3 Nbd7 7. Bxc4 O-O 8. Nf3 b6 9. Bxc5 Nxc5 10. h3 a6 11. O-O b5 12. Qd4 Qd6 13. e5 Qb6 14. exf6 gxf6 15. Qxf6 bxc4 16. Qd4 Rd8 17. Qxc4 exd5 18. Nxd5 Qxb2 19. Qxc5 Be6 20. Qc4 Bxd5 21. Qg4+ Kf8 22. Rfd1 Be6 23. Qa4 Rab8 24. Rab1 Qe2 25. Ng5 Bd7 26. Nxh7+ Kg7 27. Ng5 Bxa4 28. Rxb8 Rxd1+ 29. Kh2 Qe5+ 30. g3 Qxg5 0-1

[Event "Junior Online 4NCL Division 5"]
[Site "online"]
[Date "2021.03.04"]
[EventDate "2021.03.04"]
[Round "4.246"]
[White "Baker, Luke"]
[WhiteElo "909"]
[WhiteTeam "Surrey Kings 5"]
[Black "Swartz, Edward RG"]
[BlackElo "1013"]
[BlackTeam "Young Dragons C"]
[Result "0-1"]
[PlyCount "96"]

1. e4 e5 2. Nf3 Nc6 3. Bb5 Nf6 4. d3 d6 5. Bg5 Be7 6. Nc3 Bd7 7. O-O h6 8. Bxf6 Bxf6 9. Nd5 Nd4 10. Bxd7+ Qxd7 11. c3 Ne6 12. d4 c6 13. Ne3 O-O-O 14. dxe5 dxe5 15. Qxd7+ Rxd7 16. Rfd1 Nf4 17. Rd2 g5 18. Rad1 Rxd2 19. Rxd2 Rg8 20. h3 h5 21. g4 hxg4 22. hxg4 Rh8 23. Nf5 Kc7 24. Rd6 Bd8 25. Rxd8 Kxd8 26. Nxe5 Ke8 27. Ng7+ Kf8 28. Nf5 f6 29. Ng6+ Nxg6 30. f4 Nxf4 31. b4 Kf7 32. Kf2 Ke6 33. Kf3 Rh3+ 34. Kf2 Rxc3 35. Ng7+ Ke5 36. Nh5 Nxh5 37. gxh5 Rh3 38. h6 Rxh6 39. a4 Kxe4 40. Kg3 f5 41. b5 cxb5 42. axb5 Rh4 43. b6 axb6 44. Kf2 Rh3 45. Ke2 Rh2+ 46. Kd1 Ke3 47. Kc1 Kd3 48. Kd1 Rh1# 0-1

[Event "Junior Online 4NCL Division 5"]
[Site "online"]
[Date "2021.03.04"]
[EventDate "2021.03.04"]
[Round "4.247"]
[White "Hoccom, Sebastian"]
[WhiteElo "1040"]
[WhiteTeam "Young Dragons C"]
[Black "Fairrie, Ralph"]
[BlackElo "916"]
[BlackTeam "Surrey Kings 5"]
[Result "1-0"]
[PlyCount "49"]

1. e4 e5 2. Nf3 Nc6 3. Nc3 Nf6 4. d4 exd4 5. Nxd4 Bc5 6. Nxc6 bxc6 7. Bd3 d5 8. e5 Ng4 9. f3 Qh4+ 10. g3 Qh3 11. fxg4 Qg2 12. Rf1 g5 13. Bxg5 h6 14. Na4 Bd4 15. c3 Be3 16. Bxe3 Qxh2 17. Qf3 Rg8 18. Qxf7+ Kd8 19. Qxg8+ Kd7 20. Qf7+ Kd8 21. Bg6 Bd7 22. Nc5 Qxg3+ 23. Bf2 Qxg4 24. Qf8+ Be8 25. Qxe8# 1-0

[Event "Junior Online 4NCL Division 5"]
[Site "online"]
[Date "2021.03.04"]
[EventDate "2021.03.04"]
[Round "4.251"]
[White "Mykhnenko, Marijka"]
[WhiteElo "1027"]
[WhiteTeam "Warwickshire Bears H"]
[Black "Winser, Frederick"]
[BlackElo "1176"]
[BlackTeam "Manchester Juniors E"]
[Result "1/2-1/2"]
[PlyCount "116"]

1. e4 e5 2. Nf3 Nc6 3. Bc4 h6 4. Nc3 Nf6 5. d3 Bc5 6. h3 Kf8 7. O-O d6 8. Nd5 Nxd5 9. Bxd5 Be6 10. Bxe6 fxe6 11. Be3 Bxe3 12. fxe3 Kg8 13. a3 d5 14. exd5 exd5 15. Qe1 g5 16. Qg3 Qd6 17. Nh4 Rf8 18. Nf5 Qd7 19. Nh4 e4 20. Ng6 Rxf1+ 21. Rxf1 Rh7 22. Ne5 Nxe5 23. Qxe5 Rf7 24. Qd4 Rxf1+ 25. Kxf1 Qf5+ 26. Ke2 b6 27. Qc3 g4 28. Qxc7 gxh3 29. Qb8+ Qf8 30. Qg3+ Qg7 31. Qxh3 Qxb2 32. Kd2 Qxa3 33. Qxh6 Qf8 34. Qe6+ Qf7 35. Qg4+ Qg7 36. Qc8+ Kh7 37. Qf5+ Qg6 38. Qxd5 Qxg2+ 39. Kc3 Qg7+ 40. Kb3 exd3 41. Qxd3+ Qg6 42. Qxg6+ Kxg6 43. Kb4 a6 44. c4 Kf6 45. Ka4 Ke5 46. Kb4 Ke4 47. Ka4 Kxe3 48. Kb4 Kd4 49. Kb3 Kc5 50. Kc3 b5 51. cxb5 axb5 52. Kb3 b4 53. Kb2 Kc4 54. Kc2 b3+ 55. Kb2 Kb4 56. Kb1 Ka3 57. Ka1 b2+ 58. Kb1 Kb3 1/2-1/2

[Event "Junior Online 4NCL Division 5"]
[Site "online"]
[Date "2021.03.04"]
[EventDate "2021.03.04"]
[Round "4.252"]
[White "Devarakonda, Aryan"]
[WhiteElo "1135"]
[WhiteTeam "Manchester Juniors E"]
[Black "Pal, Rhea"]
[BlackElo "1028"]
[BlackTeam "Warwickshire Bears H"]
[Result "0-1"]
[PlyCount "58"]

1. e4 d5 2. e5 Bf5 3. Nf3 e6 4. g3 Bc5 5. Bg2 Ne7 6. O-O O-O 7. Nc3 Nbc6 8. d4 Bb6 9. Bg5 h6 10. Bf4 f6 11. Nh4 fxe5 12. Bxe5 Nxe5 13. Nxf5 Rxf5 14. dxe5 Rxe5 15. Re1 Rxe1+ 16. Qxe1 Qd6 17. Qd1 c6 18. Qg4 Kh7 19. Bf1 Qc5 20. Qf3 Ng6 21. Bd3 Rf8 22. Bxg6+ Kxg6 23. Qxf8 Qxf8 24. Kg2 Qxf2+ 25. Kh3 e5 26. Nd1 Qf5+ 27. g4 Qf3+ 28. Kh4 e4 29. Nc3 Bf2# 0-1

[Event "Junior Online 4NCL Division 5"]
[Site "online"]
[Date "2021.03.04"]
[EventDate "2021.03.04"]
[Round "4.253"]
[White "Madoc, Gaspard"]
[WhiteElo "993"]
[WhiteTeam "Warwickshire Bears H"]
[Black "Elisseev-Siuda, Ivan"]
[BlackElo "1099"]
[BlackTeam "Manchester Juniors E"]
[Result "0-1"]
[PlyCount "29"]

1. e4 e5 2. Bc4 Nc6 3. Nc3 Bc5 4. Qh5 g6 5. Qf3 Nf6 6. d3 Nd4 7. Qd1 O-O 8. Bg5 Be7 9. Nd5 Nxd5 10. Bxe7 Qxe7 11. Bxd5 c6 12. Bc4 Qg5 13. g3 b5 14. Bb3 Nxb3 15. axb3 0-1

[Event "Junior Online 4NCL Division 5"]
[Site "online"]
[Date "2021.03.04"]
[EventDate "2021.03.04"]
[Round "4.254"]
[White "Topping, Rachel"]
[WhiteElo "1097"]
[WhiteTeam "Manchester Juniors E"]
[Black "Khashu, Rohan"]
[BlackElo "950"]
[BlackTeam "Warwickshire Bears H"]
[Result "1-0"]
[PlyCount "125"]

1. e4 e5 2. Nf3 Nc6 3. Bc4 Nf6 4. Nc3 Bc5 5. Ng5 O-O 6. O-O d6 7. h3 h6 8. Nxf7 Qe7 9. Nxe5+ Be6 10. Ng6 Qd7 11. Bxe6+ Qxe6 12. Nxf8 Rxf8 13. Qe2 Qf7 14. d3 Nd4 15. Qd2 Bb4 16. a3 Bc5 17. b4 Bb6 18. Bb2 c5 19. Rae1 cxb4 20. axb4 Bc7 21. Nd5 Nxd5 22. exd5 Nf5 23. Qf4 a5 24. bxa5 Bxa5 25. c3 g5 26. Qf3 Qg7 27. h4 Nxh4 28. Qe4 Rf4 29. Qe6+ Kh7 30. g3 Rf6 31. Qe4+ Kh8 32. gxh4 gxh4+ 33. Kh1 Rg6 34. Rg1 Rxg1+ 35. Rxg1 Qf7 36. Qd4+ Kh7 37. Rg7+ Qxg7 38. Qe4+ Kh8 39. Qe8+ Kh7 40. Qb5 Qg5 41. Qxa5 Qd2 42. Qc7+ Kg6 43. Qxd6+ Kg5 44. Qe5+ Kg4 45. Qe4+ Kg5 46. f4+ Kf6 47. Qe5+ Kf7 48. Ba3 Qd1+ 49. Kh2 Qd2+ 50. Kh3 Qxd3+ 51. Kxh4 Qf1 52. Qe7+ Kg8 53. Qf6 Qh1+ 54. Kg4 Qg1+ 55. Kf5 Qb1+ 56. Ke6 Qb6+ 57. Bd6 Qe3+ 58. Be5 Qb6+ 59. d6 Qb3+ 60. Kd7 Qa4+ 61. Ke7 Qe8+ 62. Kxe8 Kh7 63. Qg7# 1-0

[Event "Junior Online 4NCL Division 5"]
[Site "online"]
[Date "2021.03.04"]
[EventDate "2021.03.04"]
[Round "4.255"]
[White "Winser, Frederick"]
[WhiteElo "1176"]
[WhiteTeam "Manchester Juniors E"]
[Black "Mykhnenko, Marijka"]
[BlackElo "1027"]
[BlackTeam "Warwickshire Bears H"]
[Result "0-1"]
[PlyCount "130"]

1. e4 e5 2. Nf3 Nc6 3. Nc3 Nf6 4. d3 h6 5. Be2 Bc5 6. O-O O-O 7. Be3 Bb6 8. d4 exd4 9. Bxd4 Nxd4 10. Nxd4 d6 11. a3 c5 12. Nf3 Bg4 13. Nh4 Be6 14. Nf5 Bxf5 15. exf5 Bc7 16. Nd5 Nxd5 17. Qxd5 Rb8 18. Rad1 Qf6 19. b4 cxb4 20. axb4 Rfe8 21. Bb5 Rf8 22. Rfe1 a6 23. Ba4 Qc3 24. Re7 Bd8 25. Rxb7 Bf6 26. Rxb8 Rxb8 27. Qxd6 Qxb4 28. Bb3 Qb6 29. Qxb6 Rxb6 30. Rb1 Kf8 31. Kf1 a5 32. Rd1 Rb5 33. Rd5 Rxd5 34. Bxd5 a4 35. Ke2 a3 36. Kd3 Ke7 37. Ba2 Kd6 38. Ke4 Bb2 39. f4 Kc5 40. Kd3 Kb4 41. g4 Kc5 42. h4 Bc1 43. g5 Bxf4 44. Bxf7 hxg5 45. hxg5 Bxg5 46. Kc3 Bc1 47. Be6 Kd6 48. Bc4 Ke5 49. Bd3 a2 50. f6 gxf6 51. Bc4 a1=Q+ 52. Kd3 Qd4+ 53. Ke2 Qxc4+ 54. Kd1 f5 55. Kxc1 Qc3 56. Kd1 f4 57. Ke2 Qxc2+ 58. Kf3 Qe4+ 59. Kg4 f3+ 60. Kh3 f2 61. Kh2 f1=N+ 62. Kh3 Qh1+ 63. Kg4 Ne3+ 64. Kg3 Qg2+ 65. Kh4 Qg4# 0-1

[Event "Junior Online 4NCL Division 5"]
[Site "online"]
[Date "2021.03.04"]
[EventDate "2021.03.04"]
[Round "4.256"]
[White "Pal, Rhea"]
[WhiteElo "1028"]
[WhiteTeam "Warwickshire Bears H"]
[Black "Devarakonda, Aryan"]
[BlackElo "1135"]
[BlackTeam "Manchester Juniors E"]
[Result "0-1"]
[PlyCount "76"]

1. d4 e6 2. Bf4 Bb4+ 3. c3 Bd6 4. Bg3 Qg5 5. e3 Nf6 6. Bd3 Bxg3 7. hxg3 O-O 8. Nf3 Qg4 9. O-O d5 10. Nbd2 Ne4 11. Rc1 f5 12. Ne5 Qg5 13. f3 Nxg3 14. f4 Qh4 15. Rf3 Qh1+ 16. Kf2 Qh4 17. Rxg3 Nd7 18. Ke1 Qxg3+ 19. Kf1 Nxe5 20. fxe5 f4 21. e4 Bd7 22. Qh5 Be8 23. Qh1 Qxd3+ 24. Kg1 Qxd2 25. Rf1 Qe2 26. Rf2 Qe1+ 27. Rf1 Qe3+ 28. Rf2 Bh5 29. Qxh5 Qg3 30. Rf3 Qe1+ 31. Rf1 Qe2 32. Rf2 Qxh5 33. b4 f3 34. gxf3 Rxf3 35. Rh2 Qg4+ 36. Rg2 Qh3 37. a4 Raf8 38. a5 Rf1# 0-1

[Event "Junior Online 4NCL Division 5"]
[Site "online"]
[Date "2021.03.04"]
[EventDate "2021.03.04"]
[Round "4.257"]
[White "Elisseev-Siuda, Ivan"]
[WhiteElo "1099"]
[WhiteTeam "Manchester Juniors E"]
[Black "Madoc, Gaspard"]
[BlackElo "993"]
[BlackTeam "Warwickshire Bears H"]
[Result "0-1"]
[PlyCount "64"]

1. d4 d5 2. c4 dxc4 3. e4 Nf6 4. Nc3 Nc6 5. Nf3 b6 6. Bxc4 Bg4 7. h3 Bxf3 8. Qxf3 e6 9. Bg5 h6 10. Bh4 Be7 11. O-O Nxd4 12. Qe3 Nc2 13. Qc1 Nxa1 14. Qxa1 Qd4 15. b3 O-O 16. Rd1 Qc5 17. Bxf6 Bxf6 18. Qc1 Rad8 19. Rxd8 Rxd8 20. Na4 Qd4 21. Qa3 Be5 22. Qb4 c5 23. Qb5 Bg3 24. Kh1 Qd1+ 25. Bf1 Qd4 26. fxg3 Qxe4 27. Nc3 Qb4 28. Qxb4 cxb4 29. Na4 Rd1 30. Kg1 Kh7 31. Kf2 Kg6 32. Ke3 Rxf1 0-1

[Event "Junior Online 4NCL Division 5"]
[Site "online"]
[Date "2021.03.04"]
[EventDate "2021.03.04"]
[Round "4.258"]
[White "Khashu, Rohan"]
[WhiteElo "950"]
[WhiteTeam "Warwickshire Bears H"]
[Black "Topping, Rachel"]
[BlackElo "1097"]
[BlackTeam "Manchester Juniors E"]
[Result "0-1"]
[PlyCount "132"]

1. e4 e5 2. Nf3 Nc6 3. Nc3 Nf6 4. d4 Ng4 5. h3 exd4 6. Nxd4 Nxf2 7. Kxf2 Qf6+ 8. Ke1 Nxd4 9. Nd5 Qh4+ 10. Kd2 Qf2+ 11. Be2 Nxe2 12. Qxe2 Qd4+ 13. Qd3 Qc5 14. b4 Qd6 15. Qf3 c6 16. Rf1 f6 17. Qh5+ Kd8 18. Qf3 cxd5 19. exd5 Qxb4+ 20. Kd1 Qd4+ 21. Qd3 Qxa1 22. Re1 Bb4 23. Re2 Re8 24. Rxe8+ Kxe8 25. Qe4+ Be7 26. d6 Qe5 27. Qxh7 Qxd6+ 28. Bd2 Kf7 29. Qh5+ g6 30. Qh7+ Ke6 31. Qg8+ Kf5 32. g4+ Ke5 33. Qxg6 b6 34. Qh5+ Ke6 35. Qb5 a6 36. Qe2+ Kf7 37. Qc4+ Ke8 38. Qg8+ Bf8 39. Qg6+ Ke7 40. Qe4+ Kf7 41. Qh7+ Ke8 42. Qg6+ Ke7 43. Qe4+ Qe6 44. Qh7+ Qf7 45. Qe4+ Kd8 46. Qxa8 Qxa2 47. Qf3 Qa1+ 48. Ke2 Qe5+ 49. Kd1 Qa1+ 50. Ke2 a5 51. Bc3 Ba6+ 52. Kd2 Bh6+ 53. Qe3 Bxe3+ 54. Kxe3 Qxc3+ 55. Kf4 Qxc2 56. g5 fxg5+ 57. Kxg5 Qc5+ 58. Kf6 a4 59. h4 a3 60. h5 Qxh5 61. Kg7 a2 62. Kf8 Qe8+ 63. Kg7 a1=Q+ 64. Kh6 Qf8+ 65. Kg5 Qag7+ 66. Kh5 Qfh8# 0-1

[Event "Junior Online 4NCL Division 5"]
[Site "online"]
[Date "2021.03.04"]
[EventDate "2021.03.04"]
[Round "4.261"]
[White "Innani, Nipun"]
[WhiteElo "1000"]
[WhiteTeam "KEGS C"]
[Black "Sundararaju, Ritvik"]
[BlackElo "895"]
[BlackTeam "Uxbridge Juniors Dynamos"]
[Result "1-0"]
[PlyCount "41"]

1. e4 e5 2. Nf3 d6 3. d4 exd4 4. Nxd4 c5 5. Nf3 Bg4 6. h3 d5 7. hxg4 dxe4 8. Qxd8+ Kxd8 9. Ne5 Ke8 10. Bc4 Nf6 11. g5 Nbd7 12. Nxf7 Rg8 13. gxf6 gxf6 14. Nc3 Ne5 15. Nxe5 Rxg2 16. Bb5+ Ke7 17. Nd5+ Ke6 18. Bc4 Kxe5 19. f4+ Kd4 20. b3 b5 21. Be3# 1-0

[Event "Junior Online 4NCL Division 5"]
[Site "online"]
[Date "2021.03.04"]
[EventDate "2021.03.04"]
[Round "4.262"]
[White "Degun, Rubind"]
[WhiteElo "883"]
[WhiteTeam "Uxbridge Juniors Dynamos"]
[Black "Jinturkar, Paras"]
[BlackElo "1000"]
[BlackTeam "KEGS C"]
[Result "0-1"]
[PlyCount "46"]

1. e4 e5 2. Nf3 Nc6 3. Nc3 Nf6 4. Bc4 Bc5 5. Bxf7+ Kxf7 6. Ng5+ Ke8 7. O-O h6 8. Nf3 d6 9. Kh1 d5 10. d4 exd4 11. e5 Ne4 12. Nxe4 dxe4 13. Nh4 Qxh4 14. g3 Qd8 15. e6 Bxe6 16. Qh5+ Bf7 17. Qxc5 Bd5 18. Qa3 e3+ 19. Kg1 exf2+ 20. Rxf2 Qd7 21. h3 Qxh3 22. Rh2 Qxg3+ 23. Rg2 Qxg2# 0-1

[Event "Junior Online 4NCL Division 5"]
[Site "online"]
[Date "2021.03.04"]
[EventDate "2021.03.04"]
[Round "4.263"]
[White "Bennett, Ben"]
[WhiteElo "1000"]
[WhiteTeam "KEGS C"]
[Black "Bhargava, Arnav"]
[BlackElo "737"]
[BlackTeam "Uxbridge Juniors Dynamos"]
[Result "0-1"]
[PlyCount "100"]

1. e4 c5 2. Nf3 Nc6 3. d4 e6 4. c3 Nf6 5. Bd3 Qc7 6. O-O g6 7. e5 Nxe5 8. dxe5 Ng8 9. c4 Bg7 10. Re1 d6 11. exd6 Qxd6 12. g3 Nf6 13. Bf4 Qd8 14. Bg5 O-O 15. Nc3 h6 16. Bxf6 Bxf6 17. Rc1 h5 18. Qd2 Re8 19. Ne4 Bh8 20. Nxc5 b6 21. Ne4 Bb7 22. Kg2 Bg7 23. Rh1 Rc8 24. b3 a6 25. h3 b5 26. cxb5 Rxc1 27. Rxc1 axb5 28. Bxb5 Qxd2 29. Nexd2 Rd8 30. Nc4 Bh6 31. Rh1 g5 32. g4 hxg4 33. hxg4 Bg7 34. Kg3 Be5+ 35. Nfxe5 Bxh1 36. f4 gxf4+ 37. Kxf4 Rd4+ 38. Kg5 Kg7 39. Be8 f6+ 40. Kh4 fxe5 41. Nxe5 Re4 42. Bc6 Rxe5 43. Bxh1 Re1 44. Bb7 e5 45. a4 e4 46. a5 Ra1 47. a6 e3 48. b4 e2 49. a7 Rxa7 50. Kh3 Rxb7 0-1

[Event "Junior Online 4NCL Division 5"]
[Site "online"]
[Date "2021.03.04"]
[EventDate "2021.03.04"]
[Round "4.264"]
[White "Chopra, Nipun"]
[WhiteElo "737"]
[WhiteTeam "Uxbridge Juniors Dynamos"]
[Black "Havis, Adam"]
[BlackElo "800"]
[BlackTeam "KEGS C"]
[Result "0-1"]
[PlyCount "74"]

1. e4 e5 2. Bc4 Bc5 3. Qf3 Nf6 4. a3 O-O 5. Nh3 Nc6 6. Qg3 d6 7. O-O Bxh3 8. gxh3 Nd4 9. Re1 Nxc2 10. Kg2 Nxe1+ 11. Kf1 Nc2 12. Ra2 c6 13. Nc3 b5 14. d3 bxc4 15. Bg5 cxd3 16. b3 h6 17. Rb2 hxg5 18. h4 d2 19. Rxc2 Nxe4 20. Nxe4 d1=Q+ 21. Kg2 Qxc2 22. Nxg5 Qxf2+ 23. Kh3 Qxg3+ 24. Kxg3 d5 25. b4 Bd6 26. h5 Qxg5+ 27. Kf3 Qxh5+ 28. Ke3 Qh3+ 29. Kf2 Qxh2+ 30. Ke3 d4+ 31. Ke4 Qf4+ 32. Kd3 Qe3+ 33. Kc4 d3 34. Kc3 d2+ 35. Kc2 Qe2 36. Kb3 d1=Q+ 37. Kc3 Qec2# 0-1

[Event "Junior Online 4NCL Division 5"]
[Site "online"]
[Date "2021.03.04"]
[EventDate "2021.03.04"]
[Round "4.265"]
[White "Sundararaju, Ritvik"]
[WhiteElo "895"]
[WhiteTeam "Uxbridge Juniors Dynamos"]
[Black "Innani, Nipun"]
[BlackElo "1000"]
[BlackTeam "KEGS C"]
[Result "0-1"]
[PlyCount "60"]

1. e4 e5 2. Bc4 Nf6 3. Qf3 c6 4. Nh3 d5 5. exd5 cxd5 6. Bb5+ Bd7 7. Bxd7+ Nbxd7 8. O-O Bc5 9. Qg3 O-O 10. Nc3 Qb6 11. Na4 Qb4 12. Nxc5 Nxc5 13. Re1 Rfe8 14. Ng5 Qg4 15. Qxg4 Nxg4 16. f3 Nf6 17. b4 Ne6 18. Rxe5 Nxg5 19. Rxg5 h6 20. Rf5 a5 21. bxa5 Rxa5 22. d3 Re6 23. Bd2 Rc5 24. Rb1 g5 25. Rxb7 Rxc2 26. Rb8+ Kg7 27. Bb4 g4 28. fxg4 Nxg4 29. Rxd5 Rc1+ 30. Be1 Rexe1# 0-1

[Event "Junior Online 4NCL Division 5"]
[Site "online"]
[Date "2021.03.04"]
[EventDate "2021.03.04"]
[Round "4.266"]
[White "Jinturkar, Paras"]
[WhiteElo "1000"]
[WhiteTeam "KEGS C"]
[Black "Degun, Rubind"]
[BlackElo "883"]
[BlackTeam "Uxbridge Juniors Dynamos"]
[Result "1-0"]
[PlyCount "31"]

1. e4 e5 2. Qh5 g6 3. Qxe5+ Ne7 4. Qxh8 d5 5. e5 Nf5 6. Nf3 Nd4 7. Nxd4 Qg5 8. c4 Qf4 9. Ne2 Qxe5 10. Qxe5+ Be6 11. cxd5 Nc6 12. dxc6 bxc6 13. Nd4 Rd8 14. Nxc6 f6 15. Qxe6+ Be7 16. Qxe7# 1-0

[Event "Junior Online 4NCL Division 5"]
[Site "online"]
[Date "2021.03.04"]
[EventDate "2021.03.04"]
[Round "4.267"]
[White "Bhargava, Arnav"]
[WhiteElo "737"]
[WhiteTeam "Uxbridge Juniors Dynamos"]
[Black "Bennett, Ben"]
[BlackElo "1000"]
[BlackTeam "KEGS C"]
[Result "0-1"]
[PlyCount "58"]

1. d4 d5 2. c4 e6 3. Nc3 Nf6 4. Bf4 Bd6 5. Bd2 O-O 6. e3 Nc6 7. Nf3 Re8 8. Bd3 Qe7 9. O-O e5 10. Re1 dxc4 11. Bxc4 Qf8 12. h3 exd4 13. exd4 Rxe1+ 14. Qxe1 Bf5 15. Nh4 Re8 16. Qf1 Bd7 17. Re1 Nxd4 18. Rxe8 Qxe8 19. Qd3 Qe5 20. Nf3 Nxf3+ 21. Qxf3 Qh2+ 22. Kf1 Bc6 23. Qf5 Qxg2+ 24. Ke1 Qh1+ 25. Ke2 g6 26. Qxf6 Qxh3 27. Qd8+ Kg7 28. f3 Qxf3+ 29. Ke1 Bg3# 0-1

[Event "Junior Online 4NCL Division 5"]
[Site "online"]
[Date "2021.03.04"]
[EventDate "2021.03.04"]
[Round "4.268"]
[White "Havis, Adam"]
[WhiteElo "800"]
[WhiteTeam "KEGS C"]
[Black "Chopra, Nipun"]
[BlackElo "737"]
[BlackTeam "Uxbridge Juniors Dynamos"]
[Result "1-0"]
[PlyCount "33"]

1. e4 e5 2. Bc4 Bc5 3. d3 Qf6 4. Nf3 a6 5. Bg5 Qc6 6. O-O h6 7. Be3 f5 8. Nxe5 Qd6 9. Bxc5 Qxe5 10. Bxg8 h5 11. Bc4 Nc6 12. d4 Qf4 13. g3 Qxe4 14. Re1 Qe7 15. Rxe7+ Kf8 16. Rxd7+ Ne7 17. Rd8# 1-0

[Event "Junior Online 4NCL Division 5"]
[Site "online"]
[Date "2021.03.04"]
[EventDate "2021.03.04"]
[Round "4.271"]
[White "Dhaliwal, Simrun Kaur"]
[WhiteElo "1028"]
[WhiteTeam "Edgware Gambits J"]
[Black "Cooney, Lorcan"]
[BlackElo "1255"]
[BlackTeam "St. Laurence's BNS 1"]
[Result "1-0"]
[PlyCount "47"]

1. e4 e5 2. Nf3 Nc6 3. Nc3 Nf6 4. Bb5 d6 5. d3 g6 6. O-O Bg7 7. Bg5 Bg4 8. h3 Be6 9. d4 O-O 10. d5 a6 11. Bxc6 bxc6 12. dxe6 fxe6 13. Qd2 d5 14. Nxe5 d4 15. Na4 Qd6 16. Nc4 Qd7 17. Nc5 Qf7 18. Ne5 Qe8 19. Qxd4 Kh8 20. Rad1 Rd8 21. Qxd8 Qxd8 22. Rxd8 Rxd8 23. Nf7+ Kg8 24. Nxd8 1-0

[Event "Junior Online 4NCL Division 5"]
[Site "online"]
[Date "2021.03.04"]
[EventDate "2021.03.04"]
[Round "4.272"]
[White "Walsh, Conor"]
[WhiteElo "800"]
[WhiteTeam "St. Laurence's BNS 1"]
[Black "Tulsiani, Aarav"]
[BlackElo "910"]
[BlackTeam "Edgware Gambits J"]
[Result "1-0"]
[PlyCount "47"]

1. d4 e6 2. c4 Nc6 3. d5 exd5 4. cxd5 Nb8 5. e4 d6 6. Nc3 Nf6 7. f4 Na6 8. Nf3 Be7 9. Bb5+ c6 10. dxc6 bxc6 11. Bxc6+ Bd7 12. Bxa8 Qxa8 13. Qc2 O-O 14. Be3 Nb4 15. Qd2 Bc6 16. O-O Nxe4 17. Nxe4 Bxe4 18. Qxb4 d5 19. Qxe7 d4 20. Bxd4 Bxf3 21. Rxf3 Qd8 22. Qxd8 Rxd8 23. Be5 f6 24. Bc3 1-0

[Event "Junior Online 4NCL Division 5"]
[Site "online"]
[Date "2021.03.04"]
[EventDate "2021.03.04"]
[Round "4.273"]
[White "Pang, Ethan"]
[WhiteElo "925"]
[WhiteTeam "Edgware Gambits J"]
[Black "McAuley, Jamie"]
[BlackElo "700"]
[BlackTeam "St. Laurence's BNS 1"]
[Result "1-0"]
[PlyCount "59"]

1. e4 e5 2. Nf3 Nc6 3. Bc4 h6 4. O-O Nf6 5. d3 Bc5 6. Be3 Bxe3 7. fxe3 Ng4 8. Qe2 O-O 9. h3 Nf6 10. Nc3 a6 11. a4 d6 12. Qd2 Ne8 13. d4 exd4 14. exd4 Qf6 15. Ne5 Qd8 16. Nxc6 bxc6 17. Bxf7+ Rxf7 18. Rxf7 Kxf7 19. Rf1+ Kg8 20. Qf2 Nf6 21. e5 Nh7 22. Qf7+ Kh8 23. exd6 cxd6 24. Ne4 Bb7 25. Qxb7 Rb8 26. Qxa6 Rxb2 27. Qxc6 d5 28. Nd6 Qb8 29. Qxd5 Qd8 30. Nf7+ 1-0

[Event "Junior Online 4NCL Division 5"]
[Site "online"]
[Date "2021.03.04"]
[EventDate "2021.03.04"]
[Round "4.274"]
[White "Cooney, Felipe"]
[WhiteElo "700"]
[WhiteTeam "St. Laurence's BNS 1"]
[Black "Soni, Gia"]
[BlackElo "850"]
[BlackTeam "Edgware Gambits J"]
[Result "1-0"]
[PlyCount "76"]

1. e4 e5 2. Nc3 Nf6 3. f4 exf4 4. e5 Bb4 5. exf6 Bxc3 6. fxg7 Rg8 7. dxc3 Rxg7 8. Bxf4 Qe7+ 9. Ne2 Nc6 10. Qd3 Ne5 11. Bxe5 Qxe5 12. O-O-O d6 13. Nd4 Rg5 14. Re1 Qxe1+ 15. Qd1 Bg4 16. Qxe1+ Re5 17. Qg3 Bf5 18. Nxf5 Rxf5 19. Bd3 Re5 20. Bxh7 Rd8 21. Qg8+ Ke7 22. Qg7 Re8 23. Rf1 Kd7 24. Qxf7+ R8e7 25. Bf5+ Kd8 26. Qf8+ Re8 27. Qf6+ R5e7 28. Bg4 c5 29. Qf3 Re1+ 30. Rxe1 Rxe1+ 31. Kd2 Ra1 32. h4 Rxa2 33. h5 Rxb2 34. h6 a5 35. h7 a4 36. h8=Q+ Kc7 37. Qa8 a3 38. Qxa3 Rb5 1-0

[Event "Junior Online 4NCL Division 5"]
[Site "online"]
[Date "2021.03.04"]
[EventDate "2021.03.04"]
[Round "4.275"]
[White "Cooney, Lorcan"]
[WhiteElo "1255"]
[WhiteTeam "St. Laurence's BNS 1"]
[Black "Dhaliwal, Simrun Kaur"]
[BlackElo "1028"]
[BlackTeam "Edgware Gambits J"]
[Result "0-1"]
[PlyCount "64"]

1. e4 e5 2. Nf3 Nc6 3. Nc3 Nf6 4. d3 Bc5 5. Nxe5 Nxe5 6. d4 Bxd4 7. Qxd4 Nc6 8. Qd1 O-O 9. Bg5 h6 10. Bh4 d6 11. Nd5 Be6 12. Nxf6+ gxf6 13. Qf3 Kg7 14. Bd3 Nd4 15. Qg3+ Kh8 16. Qf4 Kg7 17. Qg3+ Kh8 18. Qe3 Kg7 19. Qxd4 c5 20. Qe3 Rg8 21. f4 Kf8 22. f5 Bd7 23. Qxh6+ Ke8 24. Bxf6 Qa5+ 25. c3 Bb5 26. Bxb5+ Qxb5 27. O-O-O Kd7 28. e5 Rxg2 29. Rd2 Rag8 30. e6+ Kc6 31. exf7 Rxd2 32. fxg8=Q Qxb2# 0-1

[Event "Junior Online 4NCL Division 5"]
[Site "online"]
[Date "2021.03.04"]
[EventDate "2021.03.04"]
[Round "4.276"]
[White "Tulsiani, Aarav"]
[WhiteElo "910"]
[WhiteTeam "Edgware Gambits J"]
[Black "Walsh, Conor"]
[BlackElo "800"]
[BlackTeam "St. Laurence's BNS 1"]
[Result "0-1"]
[PlyCount "60"]

1. e4 c5 2. Nf3 d6 3. Bc4 Nf6 4. Nc3 e6 5. O-O d5 6. exd5 exd5 7. Bxd5 Nxd5 8. Nxd5 Qxd5 9. Qe1+ Be7 10. Ne5 b6 11. d3 Bb7 12. f3 O-O 13. Qe4 Qxe4 14. fxe4 Bf6 15. Ng4 Bd4+ 16. Kh1 h5 17. Nf2 Bxf2 18. Rxf2 Nd7 19. Rf3 Rad8 20. Rg3 Kh8 21. b3 Nf6 22. Bb2 Ng4 23. h3 h4 24. Rxg4 f6 25. c4 Rxd3 26. Rc1 g5 27. Rf1 Kg7 28. Bxf6+ Rxf6 29. e5 Rxf1+ 30. Kh2 Kg6 0-1

[Event "Junior Online 4NCL Division 5"]
[Site "online"]
[Date "2021.03.04"]
[EventDate "2021.03.04"]
[Round "4.277"]
[White "McAuley, Jamie"]
[WhiteElo "700"]
[WhiteTeam "St. Laurence's BNS 1"]
[Black "Pang, Ethan"]
[BlackElo "925"]
[BlackTeam "Edgware Gambits J"]
[Result "0-1"]
[PlyCount "54"]

1. e4 e5 2. Nf3 Nc6 3. Nc3 Bc5 4. Nxe5 Nxe5 5. d4 Bd6 6. dxe5 Bxe5 7. Bc4 Nf6 8. f4 Bxc3+ 9. bxc3 Nxe4 10. Qe2 Qe7 11. Bd3 Nxc3 12. Qxe7+ Kxe7 13. O-O Re8 14. Re1+ Kf8 15. Ba3+ d6 16. Rad1 Nxd1 17. Rxd1 Bg4 18. Rb1 Be2 19. Bxh7 g6 20. f5 Kg7 21. fxg6 fxg6 22. Bxg6 Kxg6 23. Rxb7 Ba6 24. Rxc7 Re1+ 25. Kf2 Re2+ 26. Kg1 Rf8 27. Bxd6 Re1# 0-1